000 00863cab a2200265 4500
001 ABS57239
008 090401t1997 xxu||||| |||| 00| 0 eng d
035 _a(Sirsi) u79727
041 _aeng
245 _aCost model: high-quality industrial buildings
260 _c1997
350 _a0
490 _aBuilding
_v262(7998) 11 July 1997, 47-54(8)
520 _aCost model for high-quality industrial buildings, reporting on the current market, design considerations, and a detailed cost breakdown.
650 _aBUILT ENVIRONMENT-BUILDING COSTS
650 _aBUILT ENVIRONMENT-CONSTRUCTION DESIGN
650 _aCOST MODEL
650 _aHIGH-QUALITY INDUSTRIAL MARKET
650 _aINDUSTRIAL MARKET
650 _aINDUSTRIAL UNITS
650 _aProcurement-old
690 _aBUILT ENVIRONMENT-BUILDING COSTS
942 _n0
948 _c18/07/1997
999 _c50154
_d50154